000
00204 a2200097 4500
001
47993
100
_a
Nazir Ahmad
245
_a
Afkar Ali (RTA)
260
_a
Lahore
_b
Ferozsons
_c
090
_c
30983
_d
30983
942
_a
NUST-CAE
_c
M
_c
23317
999
_c
283066
_d
283066